| 000 | 00438nam a2200145 a 4500 | ||
|---|---|---|---|
| 001 | 000039322 | ||
| 005 | 20201002031609.0 | ||
| 008 | 130621s2000 dr 000 0 spa d | ||
| 040 |
_aDO-SdBNP _bspa _cBNPHU |
||
| 100 | 1 |
_aLora Féliz, Janio _965520 |
|
| 245 | 1 | 0 |
_aDiez / _cJanio Lora Féliz ; prólogo Patricia Solano. |
| 260 |
_aSanto Domingo : _bManatí, _c2000. |
||
| 300 |
_a51 p. ; _c23 cm. |
||
| 700 | 1 |
_aSolano, Patricia, _epról. _965521 |
|
| 999 |
_c38812 _d38812 |
||